000 00852 a2200229 4500
003 UA-OsUOA
005 20260430142651.0
008 260430b un ||||| |||| 00| 0 ukr d
022 _a04916204
040 _aUA-OsUOA
_bukr
_cUA-OsUOA
_dUA-OsUOA
041 _aukr
080 _a050
090 _a050
_bС90
245 _aСурмач
_bжурнал Об'єднання бувших Вояків Українців у Великій Британії
_nч. 1-4
260 _bУкраїнська Видавнича Спілка
_c1993
_aЛондон
300 _a96 с.
520 _aРік 35 1993 ч. 1-4 (114-117)
650 _2UDC
_a050 Серіальні видання. Періодика
_93723
942 _cMG
_2udc
955 _a4
999 _c580629
_d580629